| 000 | 00746nmc a2200277 a 4500 | ||
|---|---|---|---|
| 003 | AR-BaBNM | ||
| 005 | 20251128211703.0 | ||
| 008 | 155020s2003 ||||||||||||||000 | spa|| | ||
| 020 | _a85-237-0443-4 | ||
| 040 | _cAR-BaBNM | ||
| 245 | 1 | 0 |
_aEducaçao e leitura _btrajetórias de sentidos |
| 260 |
_aJoão Pessoa _bUFPB-PPGE/UFRN _c2003 |
||
| 300 | 0 | _a324 p. | |
| 490 | 0 |
_aPPGEd. Educação e Leitura _vv. 2 |
|
| 650 | 4 | _aPROMOCION DE LA LECTURA | |
| 650 | 4 | _aDOCENTES | |
| 650 | 4 | _aPROCESO DE LECTURA | |
| 650 | 4 | _aLECTORES | |
| 650 | 4 | _aLECTURA | |
| 653 | _aCOMPRENSION LECTORA | ||
| 653 | _aENSENANZA DE LA LITERATURA | ||
| 653 | _aHIPERTEXTO | ||
| 700 | 1 |
_aAmarilha, Marly _ecoordinador |
|
| 942 | _cBK | ||
| 998 | _cme-solo cat | ||
| 999 |
_c20715 _d20715 |
||